000 00684nam a2200181Ia 4500
008 100921s9999 xx 000 0 und d
082 _b41099
_a891.463 न 06
100 _aराजे नयना.
245 _aजाहल्या काही चुका.
260 _bपारस प्रकाशन,कोल्हापूर.
_c2006
300 _a232
_bजयेश एजन्सी,पुणे.
365 _b220
520 _aललित-कादंबरी.
630 _aजाहल्या काही चुका.
650 _aललित-कादंबरी.
730 _aजाहल्या काही चुका.
942 _cBOOK
999 _c790212
_d790209